<?xml version="1.0" encoding="UTF-8"?>
<collection xmlns="http://www.loc.gov/MARC21/slim">
 <record>
  <leader>01584nam a22002771  4500</leader>
  <controlfield tag="001">1/49911</controlfield>
  <controlfield tag="008">960118s19831984gr       d    00010 gre d</controlfield>
  <datafield tag="035" ind1=" " ind2=" ">
   <subfield code="l">21851</subfield>
  </datafield>
  <datafield tag="040" ind1=" " ind2=" ">
   <subfield code="a">GR-PeUP</subfield>
  </datafield>
  <datafield tag="082" ind1="0" ind2="0">
   <subfield code="a">330.03 ΛΕ</subfield>
  </datafield>
  <datafield tag="090" ind1=" " ind2=" ">
   <subfield code="a">R 330.03 ΛΕ</subfield>
  </datafield>
  <datafield tag="245" ind1="0" ind2="0">
   <subfield code="a">Λεξικό πολιτικής οικονομίας /</subfield>
   <subfield code="c">μετ. Γιαννοπούλου Λούλα,Μελάς Πέτρος, Στεργίου Γεώργιος, επιμ. Ρούσης Γιώργος, Σταματάκης Νικηφόρος</subfield>
  </datafield>
  <datafield tag="260" ind1=" " ind2=" ">
   <subfield code="a">Αθήνα:</subfield>
   <subfield code="b">Gutenberg,</subfield>
   <subfield code="c">1983</subfield>
  </datafield>
  <datafield tag="300" ind1=" " ind2=" ">
   <subfield code="a">2 τ. ;</subfield>
   <subfield code="c">24 εκ.</subfield>
  </datafield>
  <datafield tag="650" ind1=" " ind2="4">
   <subfield code="a">Οικονομική.</subfield>
  </datafield>
  <datafield tag="700" ind1="1" ind2=" ">
   <subfield code="a">Γιαννοπούλου, Λούλα,</subfield>
   <subfield code="e">μτφ.</subfield>
  </datafield>
  <datafield tag="700" ind1="1" ind2=" ">
   <subfield code="a">Μελάς, Πέτρος,</subfield>
   <subfield code="e">μετ.</subfield>
  </datafield>
  <datafield tag="700" ind1="1" ind2=" ">
   <subfield code="a">Στεργίου, Γεώργιος Δ,</subfield>
   <subfield code="e">μετ.</subfield>
  </datafield>
  <datafield tag="700" ind1="1" ind2=" ">
   <subfield code="a">Ρούσης, Γιώργος Τ.,</subfield>
   <subfield code="d">1948-</subfield>
   <subfield code="e">επιμ.</subfield>
  </datafield>
  <datafield tag="700" ind1="1" ind2=" ">
   <subfield code="a">Σταματάκης, Νικηφόρος,</subfield>
   <subfield code="d">1945-</subfield>
   <subfield code="e">επιμ.</subfield>
  </datafield>
  <datafield tag="852" ind1=" " ind2=" ">
   <subfield code="a">INST</subfield>
   <subfield code="b">UNIPILB</subfield>
   <subfield code="c">REF</subfield>
   <subfield code="e">20040709</subfield>
   <subfield code="h">330.03 ΛΕ</subfield>
   <subfield code="p">00119799</subfield>
   <subfield code="q">00119799</subfield>
   <subfield code="t">NOLOAN</subfield>
   <subfield code="v">τ.1:</subfield>
   <subfield code="y">23</subfield>
   <subfield code="z">τ.1</subfield>
   <subfield code="4">3</subfield>
  </datafield>
  <datafield tag="852" ind1=" " ind2=" ">
   <subfield code="a">INST</subfield>
   <subfield code="b">UNIPILB</subfield>
   <subfield code="c">REF</subfield>
   <subfield code="e">20040709</subfield>
   <subfield code="h">330.03 ΛΕ</subfield>
   <subfield code="p">00119800</subfield>
   <subfield code="q">00119800</subfield>
   <subfield code="t">NOLOAN</subfield>
   <subfield code="v">τ.2:</subfield>
   <subfield code="y">23</subfield>
   <subfield code="z">τ.2</subfield>
   <subfield code="4">1</subfield>
  </datafield>
  <datafield tag="852" ind1=" " ind2=" ">
   <subfield code="a">INST</subfield>
   <subfield code="b">UNIPILB</subfield>
   <subfield code="c">REF</subfield>
   <subfield code="e">20040709</subfield>
   <subfield code="h">330.03 ΛΕ</subfield>
   <subfield code="p">00121152</subfield>
   <subfield code="q">00121152</subfield>
   <subfield code="t">NOLOAN</subfield>
   <subfield code="v">τ.1:</subfield>
   <subfield code="y">23</subfield>
   <subfield code="z">τ.1</subfield>
   <subfield code="4">1</subfield>
  </datafield>
  <datafield tag="852" ind1=" " ind2=" ">
   <subfield code="a">INST</subfield>
   <subfield code="b">UNIPILB</subfield>
   <subfield code="c">REF</subfield>
   <subfield code="e">20040709</subfield>
   <subfield code="h">330.03 ΛΕ</subfield>
   <subfield code="p">00121153</subfield>
   <subfield code="q">00121153</subfield>
   <subfield code="t">NOLOAN</subfield>
   <subfield code="v">τ.2:</subfield>
   <subfield code="y">23</subfield>
   <subfield code="z">τ.2</subfield>
   <subfield code="4">2</subfield>
  </datafield>
  <datafield tag="852" ind1=" " ind2=" ">
   <subfield code="a">INST</subfield>
   <subfield code="b">UNIPILB</subfield>
   <subfield code="c">REF</subfield>
   <subfield code="e">20040709</subfield>
   <subfield code="h">330.03 ΛΕ</subfield>
   <subfield code="p">00132295</subfield>
   <subfield code="q">00132295</subfield>
   <subfield code="t">NOLOAN</subfield>
   <subfield code="v">τ.1:</subfield>
   <subfield code="y">23</subfield>
   <subfield code="z">τ.1</subfield>
   <subfield code="4">2</subfield>
  </datafield>
  <datafield tag="852" ind1=" " ind2=" ">
   <subfield code="a">INST</subfield>
   <subfield code="b">UNIPILB</subfield>
   <subfield code="c">REF</subfield>
   <subfield code="e">20040709</subfield>
   <subfield code="h">330.03 ΛΕ</subfield>
   <subfield code="p">00132296</subfield>
   <subfield code="q">00132296</subfield>
   <subfield code="t">NOLOAN</subfield>
   <subfield code="v">τ.2:</subfield>
   <subfield code="y">23</subfield>
   <subfield code="z">τ.2</subfield>
   <subfield code="4">3</subfield>
  </datafield>
 </record>
</collection>
